[Event "RUS-Cup9"]
[Site "Novgorod"]
[Date "1997.06.20"]
[Round "8"]
[White "Shcherbakov, Ruslan"]
[Black "Yandemirov, Valeri"]
[Result "1/2-1/2"]
[WhiteElo "2580"]
[BlackElo "2500"]
[Annotator "Baburin,A"]
[PlyCount "51"]
[EventDate "1997.06.11"]
[EventType "swiss"]
[EventRounds "9"]
[EventCountry "RUS"]
[SourceTitle "CBM 060"]
[Source "ChessBase"]
[SourceDate "1997.09.29"]
[SourceVersion "1"]
[SourceVersionDate "1997.09.29"]
[SourceQuality "1"]

1. Nf3 Nf6 2. c4 g6 3. Nc3 d5 4. cxd5 Nxd5 5. g3 Bg7 6. Bg2 O-O 7. O-O Nxc3 8.
bxc3 Nd7 9. Qc2 Nb6 10. a4 a5 11. Ba3 Bf5 12. d3 Bd7 13. Bc5 Qe8 14. Bxb6 cxb6
15. Ra2 b5 16. axb5 Bxb5 17. Nd4 Bxd4 18. cxd4 Qd7 19. Rb1 Bc6 20. Bxc6 bxc6
21. Qc5 Rfb8 22. Rxb8+ Rxb8 23. Rxa5 Rb5 24. Ra8+ Kg7 25. Qc3 Qh3 $1 {[%csl
Rg2] From here the queen serves two tasks: takes away the escape g2-square
from White's king, thus reminding White of the back rank weakness, and
prevents h2-h4 while preparing ...Rb5-h5.} 26. d5+ $11 {After 26...f6 27 Qc2
cxd5 chances are equal.} (26. Qc2 Rh5 27. Qxc6 Qxh2+ 28. Kf1 $11) 1/2-1/2

[Event "St Petersburg zt"]
[Site "St Petersburg"]
[Date "1993.??.??"]
[Round "2"]
[White "Shcherbakov, Ruslan"]
[Black "Tseshkovsky, Vitaly"]
[Result "1/2-1/2"]
[WhiteElo "2570"]
[BlackElo "2540"]
[Annotator "Belov,I"]
[PlyCount "98"]
[EventDate "1993.01.??"]
[EventType "swiss"]
[EventRounds "9"]
[EventCountry "RUS"]
[SourceTitle "CBM 034"]
[Source "ChessBase"]
[SourceDate "1993.06.01"]
[SourceVersion "1"]
[SourceVersionDate "1993.06.01"]
[SourceQuality "1"]

1. Nf3 {Ribli} Nf6 2. c4 g6 3. Nc3 d5 4. cxd5 Nxd5 5. Qa4+ Bd7 (5... Nc6 6. Ne5
Ndb4 (6... Bd7 7. Nxf7 $1) 7. a3 Bg7 8. axb4 Bxe5 9. b5 Nb8 10. e3 O-O 11. d4
Bg7 12. Be2 a6 13. O-O c6 14. Rd1 $5 $14) 6. Qh4 (6. Qe4 $5 {Gurieli}) 6... Nf6
(6... Nxc3 7. dxc3 Nc6 8. e4 (8. Qg3 f6 9. e4 e5 10. h4 Qe7 11. h5 g5 $13) 8...
e5 9. Qxd8+ (9. Bg5 Be7 10. Qh6 Bxg5 11. Nxg5 Qe7 12. Bc4 f6 $10) 9... Rxd8 10.
Be3 f5 $1 $13) (6... Bc6 7. Qd4 f6 8. e4 Nxc3 (8... e5 $5 9. Nxe5 fxe5 10.
Qxe5+ Qe7 11. Qxh8 Nf6 $13) 9. bxc3 {/\ 9...Qd4 10.Nd4 Be4? 11.Ne6+-}) (6...
Nb6 {Ribli} 7. d4 Bg7 8. Bh6 $14 {Sorokin,M-Lhagvasuren,C Cheliabinsk 1991 CBM/
25}) 7. e4 (7. d4 Bg4 8. Bg5 Bxf3 9. gxf3 (9. exf3 {Ribli} Bg7 10. Bc4 h6 11.
Be3 Nbd7 12. d5 $14 {Vaganian,R-Sokolov,I Wijk 1989 CBM/11})) (7. g3 $6 {Ribli}
Nc6 8. Bg2 Bg7 9. h3 h6 10. O-O Qc8 11. d3 g5 12. Qa4 Nd8 13. Qc4 Be6 14. Qa4+
Bd7 $10 {Georgiev,Ki-Ehlvest,J Calcutta 1992 EXP/27}) 7... Bg7 (7... Bg4 $6 {
Ribli} 8. Ne5 Be6 9. f4 Bg7 10. Qf2 O-O 11. d4 $14 {Kasparov,G-Popovic,P
Belgrade 1989 CBM/16}) 8. Bc4 h6 (8... Nc6 $5) 9. Ne5 (9. d4 $2 g5 10. Qg3 Nh5
$19) 9... e6 10. d4 Nc6 11. Be3 Qe7 12. a3 (12. Nxd7 Qxd7 13. Rd1 $14) (12.
O-O-O $5 {Ribli}) 12... g5 13. Qh3 (13. Qg3 Nh5 14. Qg4 (14. Qf3 Nxe5 15. dxe5
Nf4 16. Bxf4 gxf4 17. Qxf4 Qc5 $15) 14... Nf6 15. Qf3 Nxe5 16. dxe5 Nh7) (13.
Qg3 $5 {Ribli}) 13... Nxe5 14. dxe5 Nh7 15. Qg3 Nf8 16. h4 $8 Ng6 17. hxg5 Bxe5
18. Qg4 (18. f4 {Ribli} Bxc3+ 19. bxc3 hxg5 $13) 18... hxg5 19. Rxh8+ Bxh8 20.
Qxg5 Bf6 (20... Qxg5 21. Bxg5 $14) 21. Qc5 $6 Qxc5 22. Bxc5 Bc6 23. f3 O-O-O
24. Rd1 Rg8 25. Bf1 Nf4 26. Rd2 a6 27. Be3 Be5 28. Kf2 f5 $1 $15 29. exf5 exf5
30. Ne2 Nxe2 31. Bxe2 f4 32. Bc5 (32. Bd4 $2 {Ribli} Rd8 33. Bc3 Rxd2 34. Bxd2
Bxb2 35. Bxf4 Bxa3 $17) 32... Rd8 33. Rxd8+ Kxd8 34. b3 Bd5 35. Bd1 b6 36. Bb4
c5 37. Bd2 (37. Be1 $5 b5) 37... b5 38. Bc1 Kd7 39. Ke1 Ke6 40. Kd2 Bd4 (40...
Kf5 $1 {Kg5-h4-g3}) (40... c4 $5 {Ribli}) 41. Kc2 Ke5 42. Be2 c4 43. bxc4 Bxc4
44. Bxc4 bxc4 45. Bd2 Kf5 46. Be1 Be5 47. Bf2 Ke6 48. a4 Kd5 49. Bb6 Ke6
1/2-1/2

[Event "Rostov on Don op"]
[Site "Rostov on Don"]
[Date "1993.??.??"]
[Round "?"]
[White "Belov, Igor"]
[Black "Novik, Maxim"]
[Result "0-1"]
[WhiteElo "2440"]
[BlackElo "2430"]
[Annotator "Belov,I"]
[PlyCount "144"]
[EventDate "1993.05.??"]
[EventType "swiss"]
[EventRounds "9"]
[EventCountry "RUS"]
[SourceTitle "CBM 036"]
[Source "ChessBase"]
[SourceDate "1993.10.01"]
[SourceVersion "1"]
[SourceVersionDate "1993.10.01"]
[SourceQuality "1"]

1. Nf3 Nf6 2. c4 g6 3. Nc3 d5 4. cxd5 Nxd5 5. Qa4+ Bd7 6. Qh4 Nxc3 7. Qd4 (7.
dxc3 Nc6 8. Qg3 (8. e4 e5 $10) 8... f6 9. h4 e5 10. h5 g5 11. e4 Bc5 12. Be2
Qe7 13. Nh2 Nd8 14. Ng4 Ne6 $10) 7... f6 8. Qxc3 e5 $5 $146 (8... Bg7 9. e3 (9.
d4 $1) 9... e5 10. b4 (10. d4 e4 11. Nd2 f5 12. Bc4 c5 13. Nb3 cxd4 14. exd4 {
1/2:1/2 Polgar,Z-Stohl,I Dortmund 1990/}) 10... e4 $6 11. Nd4 f5 12. Rb1 $1 $16
{Gurevich,D-Gurevich,I USA 1992 Inf 56/20/}) (8... Nc6 9. a3 e5 10. d3 a5 11.
b3 Bd6 12. e3 Qe7 $10) 9. Nxe5 (9. d3 Nc6 10. a3 a5 $10) 9... fxe5 10. Qxe5+
Qe7 11. Qxh8 Nc6 12. Qc3 (12. b3 Nb4 13. Kd1 O-O-O 14. Bb2 Bh6 15. Qe5 Bg4 $1
16. f4 $8 Qd7 $44) 12... O-O-O 13. e3 Bg7 14. Qc4 $2 (14. Qb3 $5 Nd4 15. Qd1
Bf5 16. d3 Qb4+ 17. Bd2 Qxb2 18. Rc1 $13 (18. exd4 Re8+ 19. Be2 Bxd3 20. Qc1
Qxd4 $17)) 14... Nd4 $1 15. Be2 b5 $1 (15... Bb5 16. Qxb5 Nxb5 17. Bxb5 Qb4 18.
Be2 $13) 16. Qc3 Nxe2 17. Qa5 Nf4 18. O-O Bc6 $6 (18... Nxg2 $1 19. Kxg2 Qg5+
20. Kh1 Bh3 21. Rg1 Qd5+ $19) 19. f3 $1 (19. exf4 Qe4 20. f3 Bd4+ 21. Kh1 Qe2
$19) 19... Nd3 $17 20. Qa6+ Bb7 21. Qxb5 Qh4 22. Qb3 Rd5 (22... Be5 23. Qe6+
Kb8 24. f4) 23. a4 a5 24. g3 Qh3 25. Qc4 Kb8 {/\Rh5/} 26. Qg4 Qxg4 27. fxg4 Rd7
(27... Nxc1 28. Raxc1 Rxd2 29. Rf2 Rxf2 30. Kxf2 Bxb2 31. Rc5 $17) 28. g5 Kc8
29. h4 Kd8 30. Rb1 Be4 31. Ra1 Ke7 32. Ra2 Be5 33. b3 $1 Bxg3 (33... c5 $5) 34.
Ba3+ Ke6 35. Rf6+ Kd5 36. Ra6 $1 Rf7 37. Rxa5+ Ke6 38. Ra6+ $1 c6 39. Ra8 Rf2
40. Re8+ Kf5 $8 41. Rf8+ Kg4 42. Rxf2 Bxf2+ 43. Kh2 Bg3+ 44. Kg1 Kf3 45. a5 Nf2
46. d3 $1 Bxd3 47. Bc5 Ba6 (47... Be4 48. a6 Nh3+ 49. Kh1 Kg4+ 50. Rg2 $13) 48.
b4 Bxh4 49. Rd2 Ne4 50. Rd8 Nxc5 51. bxc5 Bxg5 52. Rf8+ $1 Ke4 (52... Kxe3 53.
Ra8 $13) 53. Re8+ Kd5 54. e4+ $1 Kc4 55. Kf2 Bd2 $1 56. Ra8 $2 (56. e5 $5 Bb4 (
56... Bxa5 $2 57. Ra8 Kb5 58. e6 Bb4 59. Rb8+ $18) 57. e6 Bxc5+ 58. Kf3 Kd5 59.
e7 $10) 56... Bb5 $19 57. e5 Bb4 58. Kf3 Kxc5 59. Ke4 h5 60. a6 Kb6 61. Rg8 h4
$1 62. Rxg6 h3 63. Kf3 Bxa6 64. Rh6 Bf1 65. Kf2 Bg2 66. Rh7 c5 67. Rh6+ Kc7 68.
Ra6 Kd7 69. Rd6+ Ke7 70. Rh6 Bc3 71. e6 Bf6 72. Rh5 Kxe6 0-1

[Event "Wch U20"]
[Site "Gaziantep"]
[Date "2008.08.08"]
[Round "7"]
[White "Braun, Arik"]
[Black "Li, Chao B"]
[Result "1-0"]
[WhiteElo "2533"]
[BlackElo "2590"]
[Annotator "Braun,A"]
[PlyCount "83"]
[EventDate "2008.08.03"]
[EventType "swiss"]
[EventRounds "13"]
[EventCountry "TUR"]
[SourceTitle "CBM 125 Extra"]
[Source "ChessBase"]
[SourceDate "2008.09.01"]
[SourceVersion "1"]
[SourceVersionDate "2008.09.01"]
[SourceQuality "1"]

1. Nf3 Nf6 2. c4 g6 3. Nc3 Bg7 4. g3 d5 5. cxd5 Nxd5 6. Bg2 Nb6 7. O-O Nc6 8.
d3 O-O 9. Be3 (9. Bd2 $5) 9... Re8 (9... h6 $5 {is worth considering. Black
tries to avoid the exchange of bishops. Ist eine Überlegung wert. Schwarz
versucht den Läufertausch zu vermeiden.} 10. Qd2 Kh7 11. Rfc1 e5 12. b4 Nd4 13.
Rab1 {[%cal Ga2a4,Ga4a5]} (13. Ne4 $6 Nd5 $1) 13... Be6 (13... Bg4 14. Ne1 Rb8)
14. Ne4 Nd5 15. Nc5 $13) 10. Qd2 e5 11. Bg5 {To provoke Black into ...f6. Um
f6 zu provozieren.} (11. Bh6 Bh8) 11... f6 12. Bh6 Be6 (12... Bh8 13. Rfc1 Be6
14. Ne4 $14 {It is not easy for Black to achieve counterplay. After Schwarz
hat es nicht leicht, Gegenspiel zu erlangen. Nach} f5 15. Nc5 $16 {White is
clearly better. steht Weiß deutlich besser.}) 13. Ne4 (13. Bxg7 Kxg7 14. Ne4)
13... Qe7 14. Bxg7 Kxg7 15. Rfc1 Bf7 (15... Rad8 16. Nc5 Bc8 (16... Nc4 $4 17.
Nxe6+ $1 {Check! Schach!}) 17. b4 Nd7 18. Qb2 $14) 16. b4 $1 $14 {White now
has a dangerous initiative. Weiß hat nun eine gefährliche Initiative.} (16. Nc5
$2 Nc4 $1 $15) 16... Nd4 (16... Nxb4 17. Nc5 a5 (17... N4d5 $2 18. e4 $16) (
17... Nc6 18. Nxb7 $14) (17... Na6 18. Nxa6 bxa6 19. Qa5 $14) 18. a3 (18. Nxb7)
18... Na6 19. Nxb7 $14) (16... Qxb4 $2 17. Qxb4 Nxb4 18. Rxc7 $16) (16... Rad8
$2 17. Nc5) 17. Nxd4 exd4 18. Qb2 $5 Rad8 19. a4 c6 $2 {After this Black's
position is clearly worse. He had to try 19...Qe5 or 19...f5. Danach ist die
schwarze Stellung deutlich schlechter. Der Nachziehende musste 19...Qe5 oder
19...f5 versuchen.} (19... Qe5 20. Nc5 (20. a5 Nd5 21. f4 $6 Qe7 22. Qxd4 Nxf4
$15) (20. Rc5 Nd5 21. Rac1 $14) 20... Qxe2 21. Qxe2 (21. Rc2 Qe5 22. Nxb7 Rd7
23. Na5 $5 (23. Bc6 $6 Bd5 $1) (23. Nc5 Rde7 $132 {[%cal Gb6d5,Gd5c3]})) 21...
Rxe2 22. Nxb7 Rd7 (22... Rc8 $2 23. a5 Nd5 24. Nd6 $16) 23. Nc5 (23. Re1 $5)
23... Rde7 24. Na6 $40) (19... f5 $5 20. Nc5 Qxe2 21. Rc2 (21. Qxe2 Rxe2 22.
Nxb7 Rd7 23. Nc5 Rde7 24. Na6 Rd2 $132) 21... Qe5 22. Nxb7 Rd7 23. Na5 $1 $14)
20. a5 $1 Nd5 (20... Nc8 21. a6 $16) 21. Qxd4 a6 (21... Nxb4 22. Qxa7 f5 23.
Nc3 $16) (21... Nf4 22. Qb2 Nxg2 23. Kxg2 Bd5 24. f3 $16) 22. Rab1 Nf4 23. Qb2
Nxg2 24. Kxg2 Bd5 25. f3 $16 {Black does not have sufficient compensation for
the pawn. Schwarz hat nicht genügend Kompensation für den Bauern.} Kf7 (25...
g5 26. g4 h5 27. Ng3 (27. h3 Bxe4 28. dxe4)) 26. Rc2 h5 $6 (26... Bxe4 $142 27.
fxe4 $16 (27. dxe4)) 27. Nc5 h4 28. e4 Be6 29. g4 $5 Bc8 30. Qc1 Qd6 31. Qe3 f5
32. Rf2 (32. gxf5 gxf5 33. Kh1 $18 {is even simpler. Black can do nothing to
stem White's attack. ist noch einfacher. Schwarz hat dem weißen Angriff nichts
entgegenzusetzen.}) 32... h3+ 33. Kg1 Qd4 34. Qxd4 Rxd4 35. Kf1 $18 {Black has
absolutely no counterplay. Schwarz hat keinerlei Gegenspiel.} Kf6 36. Ke2 f4
37. Kd2 Red8 38. Kc3 Be6 $2 {hastens the end..  Beschleunigt das Ende.} 39. Rd2
Bc4 40. Nxb7 R8d7 41. Nc5 Rd8 42. e5+ 1-0

[Event "Porz Citroen-Cup"]
[Site "Cologne"]
[Date "1992.??.??"]
[Round "7"]
[White "Smejkal, Jan"]
[Black "Grimm, Sascha"]
[Result "1-0"]
[WhiteElo "2525"]
[BlackElo "2325"]
[Annotator "Bulletin"]
[PlyCount "89"]
[EventDate "1992.08.??"]
[EventType "tourn"]
[EventRounds "9"]
[EventCountry "GER"]
[EventCategory "9"]
[SourceTitle "CBM 031"]
[Source "ChessBase"]
[SourceDate "1992.12.01"]
[SourceVersion "1"]
[SourceVersionDate "1992.12.01"]
[SourceQuality "1"]

1. c4 Nf6 2. Nc3 d5 3. cxd5 Nxd5 4. g3 g6 5. Bg2 Nxc3 6. bxc3 Bg7 7. Rb1 O-O $2
(7... Nd7 8. Bxb7 $140 $2 Bxb7 9. Rxb7 Nb6) 8. Rxb7 $1 (8. Bxb7 $4 Bxb7 9. Rxb7
Qd5 10. Rxb8 Qxh1 $19) 8... Bxb7 9. Bxb7 Nd7 10. Bxa8 Qxa8 11. Nf3 (11. f3 $16)
11... Ne5 12. O-O Nxf3+ 13. exf3 Qd5 14. Qe2 Bf6 (14... Qxa2 15. Qxe7 $16) 15.
d4 c5 16. dxc5 Qxc5 (16... Bxc3 $6 17. Qxe7 $18) 17. c4 Rc8 18. Bh6 Qxc4 19.
Qxc4 (19. Rc1 $5 Qe6 $1 (19... Qxc1+ 20. Bxc1 Rxc1+ 21. Kg2 $16) (19... Qxe2 $2
20. Rxc8#) 20. Qxe6 Rxc1+ 21. Bxc1 fxe6 $14) 19... Rxc4 20. Rb1 Rc8 21. Rb7 Ra8
(21... Bd4 22. Rxe7 $16) 22. Kf1 e6 23. Ke2 Bg7 (23... Bd4 24. Be3 Bxe3 25.
fxe3 $16) 24. Bxg7 Kxg7 25. a4 h5 (25... a5 26. f4 h5 27. Ke3 $16) 26. a5 g5
27. Kd3 Kf6 28. Rc7 Rd8+ 29. Kc3 Rd1 30. Rxa7 Ra1 (30... Rh1 31. a6 Rxh2 32.
Rxf7+ Kxf7 33. a7 $18) 31. a6 Ra2 32. Kb3 Ra1 (32... Rxf2 33. Rxf7+ Kxf7 34. a7
Rxf3+ 35. Kb4 $18) 33. h3 h4 34. Kb4 Ra2 35. Kb5 Rb2+ 36. Kc6 Rxf2 37. gxh4
gxh4 38. Rc7 Rxf3 39. a7 Ra3 40. Kb7 Rb3+ 41. Kc8 Ra3 42. Kb8 Kg5 $2 (42... e5
$1 43. a8=Q Rxa8+ 44. Kxa8 e4 45. Rc5 Kg6 $2 (45... Ke6 46. Rh5 e3 47. Rxh4 f5
48. Rh8 Ke7 (48... f4 49. Rf8 Ke5 50. h4 Ke4 51. h5 e2 52. h6 f3 53. h7 f2 54.
h8=Q $18) 49. Rh7+ Ke6 $10) 46. Kb7 f5 47. Kc6 f4 48. Kd5 e3 49. Ke4 $18) 43.
Rxf7 Rb3+ 44. Rb7 Ra3 45. Rb4 1-0

[Event "DDR-ch 38th"]
[Site "Zittau"]
[Date "1989.02.19"]
[Round "8"]
[White "Boensch, Uwe"]
[Black "Gauglitz, Gernot"]
[Result "1-0"]
[WhiteElo "2490"]
[BlackElo "2410"]
[Annotator "Bulletin"]
[PlyCount "69"]
[EventDate "1989.02.12"]
[EventType "tourn"]
[EventRounds "13"]
[EventCountry "DDR"]
[EventCategory "7"]
[SourceTitle "CBM 012"]
[Source "ChessBase"]
[SourceDate "1989.10.01"]
[SourceVersion "1"]
[SourceVersionDate "1989.10.01"]
[SourceQuality "1"]

1. c4 Nf6 2. Nf3 g6 3. Nc3 d5 4. cxd5 Nxd5 5. Qa4+ Bd7 6. Qc2 (6. Qh4 Bc6 7. g3
Bg7 8. Bg2 Nd7 {Kasparov,G-Sax,G/Brussels/1987/1/2-1/2/ -> CBM 2}) 6... Bc6 $2
{>= 6...Nb6; 6...Nb4} 7. e4 Nxc3 (7... Nb4 $2 8. Qb3 Nd3+ 9. Bxd3 Qxd3 10. Ne5
$18) 8. Qxc3 $1 f6 $18 9. Ng5 Bh6 10. Ne6 Qd6 11. Bc4 Bd7 (11... Bxe4 $2 12. d3
Bxg2 13. Bxh6 Bxh1 14. Bf4 $18) 12. Nc5 $1 Bc8 (12... Bc6 13. d4 Bxc1 14. Rxc1
b6 15. Ne6 Bxe4 $2 16. Nxc7+ Qxc7 $2 17. Bf7+ $18) 13. d4 Bxc1 14. Rxc1 Nc6 15.
Bd5 Nd8 16. O-O c6 17. Bb3 b6 18. Nd3 Be6 19. e5 fxe5 20. dxe5 Qd7 21. Nf4 Qc8
$1 (21... Bxb3 $2 22. e6 $1) 22. Nxe6 Nxe6 23. Qc4 Nd8 24. Rfd1 Qf5 25. Rc3 e6
26. Rf3 Qxe5 27. Qd3 Qg7 28. Qe4 Qe7 29. Bxe6 $1 {/\ 30.Bd7#} Qxe6 30. Qd4 Nf7
31. Re3 Qxe3 32. Qxe3+ Kf8 33. h4 Re8 34. Qa3+ Kg7 35. Qxa7 1-0

[Event "World U20-ch22"]
[Site "Belfort"]
[Date "1983.08.24"]
[Round "11"]
[White "Stohl, Igor"]
[Black "Schandorff, Lars"]
[Result "1-0"]
[WhiteElo "2335"]
[BlackElo "2355"]
[Annotator "Bulletin/Primel,D"]
[PlyCount "57"]
[EventDate "1983.08.12"]
[EventType "swiss"]
[EventRounds "13"]
[EventCountry "FRA"]
[SourceTitle "EXT 2015"]
[Source "ChessBase"]
[SourceDate "2014.11.20"]
[SourceVersion "1"]
[SourceVersionDate "2014.11.20"]
[SourceQuality "1"]
[TimeControl "40/9000:16/5400:0"]

1. c4 Nf6 2. Nc3 d5 3. cxd5 Nxd5 4. Nf3 g6 5. h4 $5 h6 (5... Bg7 6. h5 $36) 6.
e4 Nxc3 7. bxc3 (7. dxc3 Qxd1+ 8. Kxd1 Bg4 9. Kc2 Nd7 10. Be3 $14) 7... Bg7 8.
d4 {Laissant l'option de transposer dans une Gruenfeld} c5 9. Rb1 (9. Be3) 9...
Nd7 10. Be2 Nf6 11. e5 Nd5 12. Bd2 cxd4 13. cxd4 a6 14. Bd3 b5 15. a4 $1 bxa4
16. Qxa4+ Bd7 17. Qb3 Be6 18. Bxa6 O-O 19. Bc4 Rc8 20. h5 gxh5 21. Ra1 Qd7 $13
{[%csl Re1] Le K Blanc est bloqué au centre mais celui des Noirs est
également en insécurité} (21... Ne3 $1 22. Bxe6 Nc2+ 23. Ke2 Nxa1 24. Rxa1
$13) 22. Qb5 $1 Qxb5 {L'échange des Q soulage les Blancs} 23. Bxb5 Bg4 24. Bd3
f6 (24... Rfd8 $132 {[%csl Rd4]}) 25. Ra5 Rfd8 26. Bg6 fxe5 27. dxe5 Rb8 28.
Rh4 Rb1+ $4 {La fatigue commence à se faire sentir en fin de championnat.} (
28... Nb4 $11 {[%cal Gb4d3]}) 29. Bxb1 1-0

[Event "World Cup"]
[Site "Khanty-Mansiysk"]
[Date "2007.11.30"]
[Round "3.1"]
[White "Tomashevsky, Evgeny"]
[Black "Ponomariov, Ruslan"]
[Result "1/2-1/2"]
[WhiteElo "2646"]
[BlackElo "2705"]
[Annotator "CB"]
[PlyCount "123"]
[EventDate "2007.11.24"]
[EventType "k.o."]
[EventRounds "7"]
[EventCountry "RUS"]
[SourceTitle "CBM 122"]
[Source "ChessBase"]
[SourceDate "2008.01.30"]
[SourceVersion "1"]
[SourceVersionDate "2008.01.30"]
[SourceQuality "1"]

1. Nf3 Nf6 2. c4 g6 3. Nc3 d5 4. Qa4+ Bd7 5. Qb3 dxc4 6. Qxc4 Bg7 7. e4 Bc6 8.
d3 O-O 9. Be2 Nbd7 10. O-O a5 11. e5 Ne8 12. d4 Nb6 13. Qc5 Qd7 14. Rd1 Nd5 15.
Bg5 b6 16. Qc4 h6 17. Be3 f5 18. Rac1 e6 19. h4 Rf7 20. Qb3 Bf8 21. Nxd5 Bxd5
22. Bc4 a4 23. Qc2 Ra5 24. Bxd5 Rxd5 25. Qc6 f4 26. Bd2 Ng7 27. Qxd7 Rdxd7 28.
Rc6 Be7 29. Rdc1 g5 30. hxg5 hxg5 31. Rxc7 Bd8 32. Rxd7 ({Keeping both rooks
would have made Black's task considerably more difficult. After} 32. Rc8 {
Black does not have square f7 for his king, and a move like} Rf8 {is bad in
view of} 33. Bb4) 32... Rxd7 33. Rc8 Kf7 34. g4 fxg3 35. Bxg5 Bxg5 36. Nxg5+ {
All this is only visually strong for White. In reality the exchange of pieces
and pawns reduces from White's advantage.} Kg6 37. Nf3 Nf5 38. fxg3 Nxd4 39.
Nh4+ Kg7 40. Kf2 Rf7+ 41. Ke3 Nf5+ 42. Kd3 Nxg3 43. Rc4 Kh6 44. Rg4 Nh5 45. Ke3
a3 46. bxa3 Ra7 47. a4 Ra5 48. Nf3 Ng7 49. Rb4 Nf5+ 50. Kd3 Ne7 51. Nd4 Kg6 52.
Rxb6 Rxa4 53. Rxe6+ Kf7 54. Rf6+ Ke8 55. Rf2 Nd5 56. Rb2 Rxa2 57. Rxa2 Nb4+ 58.
Kc4 Nxa2 59. Ne2 Ke7 60. Nf4 Kd7 61. Nd3 Ke6 62. Kd4 1/2-1/2

[Event "Tata Steel-A 76th"]
[Site "Wijk aan Zee"]
[Date "2014.01.18"]
[Round "6"]
[White "Aronian, Levon"]
[Black "So, Wesley"]
[Result "1-0"]
[WhiteElo "2812"]
[BlackElo "2719"]
[Annotator "CB"]
[PlyCount "71"]
[EventDate "2014.01.11"]
[EventType "tourn"]
[EventRounds "11"]
[EventCountry "NED"]
[EventCategory "20"]
[SourceTitle "CBM 159"]
[Source "ChessBase"]
[SourceDate "2014.03.17"]
[SourceVersion "1"]
[SourceVersionDate "2014.03.17"]
[SourceQuality "1"]

1. c4 Nf6 2. Nf3 g6 3. Nc3 d5 4. cxd5 Nxd5 5. e4 Nxc3 6. bxc3 Bg7 7. Be2 c5 8.
O-O Nc6 9. Qa4 Bd7 10. Qa3 Qa5 11. Rd1 O-O 12. Rb1 b6 13. d4 Qxa3 14. Bxa3 Bg4
15. dxc5 Bxc3 16. Ba6 Rab8 17. Rdc1 Bxf3 $6 ({\/Der richtige Zug lautet} 17...
bxc5 {, allerdings muss man erkennen, dass} 18. Rxb8 {mit} Nxb8 $1 {
beantwortet wird, der Angriff auf den Bc3 wird mit Gegenangriff pariert.}) 18.
gxf3 {Jetzt hat Weiß ein Luftloch, die strukturelle Schwäche spielt vorerst
keine Rolle.} Bd2 19. Rd1 Bc3 20. Kg2 {Weiß möchte Ba6-b5 spielen, aber gleich}
(20. Bb5 {trifft auf} Nd4 $1) 20... bxc5 ({Vielleicht ist abwarten besser, etwa
} 20... Kg7 $5 21. Bb5 Rfc8 22. cxb6 Rxb6 23. Bxc6 Rcxc6 24. Rxb6 Rxb6 25. Bxe7
Rb2 {und die Verwertung des Mehrbauern dürfte nicht einfach sein.}) 21. Bxc5
Bb4 22. Be3 Bd6 23. Rbc1 Nb4 24. Bc4 Rfc8 25. f4 Kf8 26. a3 Nc6 27. Ba6 Bxa3 $1
{Nimmt wenigstens einen Bauern mit, nach} (27... Rc7 28. Rd3 $1 Na5 29. Rdc3
Rxc3 30. Rxc3 {steckt Schwarz nur in Schwierigkeiten.}) 28. Rc4 $1 Rd8 $6 {
Sieht logisch aus, denn} (28... Rc7 {geht ja in die Fesselung, und doch wäre
das der bessere Zug, Schwarz will ...Bd6 und ...Nb4 spielen.} {Mit} 29. Rd5 $1
{kann Weiß den Vorteil festhalten, denn auf} Bd6 {folgt} 30. e5 Nb4 31. exd6
Rxc4 32. dxe7+ Ke8 33. Bxc4 Nxd5 34. Bxd5 Kxe7 35. Bxa7 {mit guten
Gewinnchancen.}) 29. Ra1 Bb2 30. Raa4 $1 {Jetzt hat der Nd4 kein gutes Feld,
ihn zu decken ist auch schwierig.} Rd6 {Einzige Möglichkeit.} 31. e5 Re6 32.
Rc2 Nd8 $6 {Das verpasst die allerletzte Chance, nach} (32... Rb4 33. Ra2 Bd4
34. Bc8 Nd8 35. Bxd4 Rxd4 36. Rd2 $1 Rc6 37. Rxd4 Rxc8 {wäre Schwarz wegen der
schlechten weißen Bauernstruktur nicht völlig chancenlos.}) 33. Bxa7 Ra8 34.
Bb5 {Jetzt geht der Bb2 verloren.} Bxe5 35. fxe5 Rxe5 36. Be3 1-0

[Event "Olympiad-24"]
[Site "Valetta"]
[Date "1980.11.??"]
[Round "12"]
[White "Giardelli, Sergio Carlos"]
[Black "Kasparov, Garry"]
[Result "0-1"]
[WhiteElo "2300"]
[BlackElo "2595"]
[Annotator "ChessBase"]
[PlyCount "64"]
[EventDate "1980.11.20"]
[EventType "team-swiss"]
[EventRounds "14"]
[EventCountry "MLT"]
[SourceTitle "EXT 2000"]
[Source "ChessBase"]
[SourceDate "1999.11.16"]
[SourceVersion "1"]
[SourceVersionDate "1999.11.16"]
[SourceQuality "1"]
[WhiteTeam "Argentina"]
[BlackTeam "Soviet Union"]
[WhiteTeamCountry "ARG"]
[BlackTeamCountry "URS"]

1. c4 c6 2. Nf3 g6 3. g3 Bg7 4. Bg2 Nf6 5. O-O O-O 6. Nc3 d5 7. cxd5 cxd5 8. d3
Nc6 9. Qb3 d4 10. Nb5 a6 11. Na3 b5 12. Bf4 Be6 13. Qc2 Rc8 14. Qd2 Bd5 15.
Rfc1 Nd7 16. Nc2 e5 17. Bh6 Qe7 18. Bxg7 Kxg7 19. e3 dxe3 20. Nxe3 Bxf3 21.
Bxf3 Nd4 22. Bg2 Nc5 23. Re1 h5 24. Rac1 Rfd8 25. Rc3 Qf6 26. Nc2 b4 $1 27.
Nxb4 $2 (27. Rc4 Nxc2 28. Rxc2 (28. Qxc2 Nxd3 29. Rxc8 Nxe1) 28... b3 $1 (28...
Rxd3 29. Qe2) 29. axb3 Nxb3 30. Qd1 Nd4 $16) 27... e4 $1 $19 28. Qe3 (28. Qf4
Qxf4 29. gxf4 exd3 $18) (28. Rec1 exd3 $1 29. Rxc5 (29. Nxd3 Nxd3 30. Qxd3 Nb5)
29... Ne2+ 30. Kf1 Nxc1 31. Rxc1 Rxc1+ 32. Qxc1 d2 33. Qd1 Qxb2 34. Nd5 Rxd5 $1
35. Bxd5 Qb5+ $18) 28... a5 $1 29. Nc2 (29. Rec1 Qb6 $1 30. Rc4 (30. Nc2 Nf5)
30... Nf5) 29... Nxd3 30. Rxc8 Rxc8 31. Qxd4 (31. Nxd4 Nxe1 32. Bxe4 Rc4 33.
Qxe1 Qxd4 34. Bg2 Rc2 $18) 31... Qxd4 32. Nxd4 Nxe1 (32... Nxe1 33. Bxe4 Rc4
$18) 0-1